000
00280nam a2200109Ia 4500
008
230907s9999||||xx |||||||||||||| ||und||
082
_a
658.15
_b
LAS
100
_a
Lasher, William,
_9
116003
245
0
_a
Practical financial management /
300
_a
xxi, 851 pages :
942
_c
BK
999
_c
600721
_d
600721